| 000 | 01244cam a22002295a 4500 | ||
|---|---|---|---|
| 001 | L138136 | ||
| 008 | 070518e2005 xxk f 100 0 eng d | ||
| 035 | _a(Sirsi) u138136 | ||
| 041 | 0 | _aeng | |
| 100 | 1 | _aOgunba, Olusegun A. | |
| 245 | 0 | 0 |
_aAssessing development appraisal risk with reference to client specific risk tolerance and perspectives _h[electronic resource] |
| 260 | _c2005 | ||
| 490 | 0 |
_aCOBRA _v2005 |
|
| 520 | _aDiscusses whether the risk adjustment/analysis techniques adopted by development appraisers can reflect the diverse risks of developers and lenders in the real estate development sector. Discusses whether risk analysis used by the appraiser in development viability studies should be adapted to the specific risk tolerance of the instructing client and should address the exact type of risk that is germane to such a client. | ||
| 651 | 4 | _aInternational | |
| 690 |
_aBlock management _96220 |
||
| 700 | 1 | _aOjo, Olatoye | |
| 700 | 1 | _aBoyd, Terry P. | |
| 711 | 2 |
_aConstruction and Building Research Conference _cUniversity of Queensland, Brisbane _d4-5 July 2005 |
|
| 856 | 4 | 0 |
_uhttps://www.rics.org/site/scripts/download_info.aspx?downloadID=1729 _zView the item free of charge at www.rics.org... |
| 942 | _n0 | ||
| 999 |
_c107018 _d107018 |
||